Foundations of economics / (Record no. 17558)
[ view plain ]
| 000 -LEADER | |
|---|---|
| fixed length control field | 00756cam a22002658i 4500 |
| 001 - CONTROL NUMBER | |
| control field | 016283859 |
| 003 - CONTROL NUMBER IDENTIFIER | |
| control field | OSt |
| 005 - DATE AND TIME OF LATEST TRANSACTION | |
| control field | 20201128020951.0 |
| 008 - FIXED-LENGTH DATA ELEMENTS--GENERAL INFORMATION | |
| fixed length control field | 130215t2013 xxka frd 001 0 eng d |
| 020 ## - INTERNATIONAL STANDARD BOOK NUMBER | |
| International Standard Book Number | 0077145607 |
| 020 ## - INTERNATIONAL STANDARD BOOK NUMBER | |
| International Standard Book Number | 9780077145606 |
| 040 ## - CATALOGING SOURCE | |
| Original cataloging agency | EG-ScBUE |
| 082 00 - DEWEY DECIMAL CLASSIFICATION NUMBER | |
| Classification number | 330 |
| Edition number | 22 |
| Item number | BEG |
| 100 1# - MAIN ENTRY--PERSONAL NAME | |
| Personal name | Begg, David K. H., |
| 9 (RLIN) | 33770 |
| 245 10 - TITLE STATEMENT | |
| Title | Foundations of economics / |
| Remainder of title | David Begg. |
| 250 ## - EDITION STATEMENT | |
| Edition statement | 5th ed. |
| 260 ## - PUBLICATION, DISTRIBUTION, ETC. (IMPRINT) | |
| Place of publication, distribution, etc | Berkshire, United Kingdom : |
| Name of publisher, distributor, etc | McGraw-Hill Education, |
| Date of publication, distribution, etc | c.2013. |
| 300 ## - PHYSICAL DESCRIPTION | |
| Extent | 407 p. : |
| Dimensions | ill. (col.) ; |
| Other physical details | 25 cm. |
| 500 ## - GENERAL NOTE | |
| General note | Glossary : p. 364-373. |
| 500 ## - GENERAL NOTE | |
| General note | Index : p. 398-407. |
| 650 #0 - SUBJECT ADDED ENTRY--TOPICAL TERM | |
| Topical term or geographic name as entry element | Economics |
| 9 (RLIN) | 720 |
| 653 ## - INDEX TERM--UNCONTROLLED | |
| Resource For college | BAEPS, Economics |
| Arrived date list | September2013 |
| -- | October2014 |
| 655 ## - INDEX TERM--GENRE/FORM | |
| Form subdivision | |
| -- | 33728 |
| 942 ## - ADDED ENTRY ELEMENTS (KOHA) | |
| Source of classification or shelving scheme | Dewey Decimal Classification |
| Item type | Book - Borrowing |
| Call number prefix | 330 BEG |
| Withdrawn status | Item status | Source of classification or shelving scheme | Damaged status | Not for loan | Vendor | Home library | Current library | Shelving location | Date acquired | Source of acquisition | Total Checkouts | Total Renewals | Full call number | Barcode | Date last seen | Date last borrowed | Koha item type | Cost, normal purchase price | Cost, replacement price |
|---|---|---|---|---|---|---|---|---|---|---|---|---|---|---|---|---|---|---|---|
| Dewey Decimal Classification | Baccah | Central Library | Central Library | First floor | 29/09/2013 | 3 | 4 | 330 BEG | 000029016 | 15/07/2025 | 16/03/2023 | Book - Borrowing | |||||||
| Dewey Decimal Classification | Baccah | Central Library | Central Library | First floor | 29/09/2013 | 2 | 21 | 330 BEG | 000029017 | 15/07/2025 | 04/10/2015 | Book - Borrowing | |||||||
| Dewey Decimal Classification | Baccah | Central Library | Central Library | First floor | 29/09/2013 | 3 | 32 | 330 BEG | 000029018 | 15/07/2025 | 27/02/2023 | Book - Borrowing | |||||||
| Dewey Decimal Classification | Baccah | Central Library | Central Library | First floor | 29/09/2013 | 4 | 48 | 330 BEG | 000029019 | 15/07/2025 | 25/09/2017 | Book - Borrowing | |||||||
| Dewey Decimal Classification | Baccah | Central Library | Central Library | First floor | 14/10/2014 | 330 BEG | 000036646 | 15/07/2025 | NB - Book (Non borrowing) | 260.00 | 325.00 | ||||||||
| Dewey Decimal Classification | Baccah | Central Library | Central Library | First floor | 14/10/2014 | 1 | 330 BEG | 000036647 | 15/07/2025 | 18/11/2015 | Book - Borrowing | 260.00 | 325.00 | ||||||
| Dewey Decimal Classification | Baccah | Central Library | Central Library | First floor | 14/10/2014 | 1 | 1 | 330 BEG | 000036648 | 15/07/2025 | 16/03/2023 | Book - Borrowing | 260.00 | 325.00 | |||||
| Dewey Decimal Classification | Baccah | Central Library | Central Library | First floor | 14/10/2014 | 3 | 10 | 330 BEG | 000036649 | 15/07/2025 | 25/09/2017 | Book - Borrowing | 260.00 | 325.00 | |||||
| Dewey Decimal Classification | Baccah | Central Library | Central Library | First floor | 14/10/2014 | 2 | 5 | 330 BEG | 000036650 | 15/07/2025 | 14/03/2023 | Book - Borrowing | 260.00 | 325.00 | |||||
| Dewey Decimal Classification | Baccah | Central Library | Central Library | First floor | 14/10/2014 | 330 BEG | 000036651 | 15/07/2025 | Book - Borrowing | 260.00 | 325.00 |